Collected plays of Satish Alekar: (Record no. 27136)

MARC details
000 -LEADER
fixed length control field 02625naa a2200373 4500
005 - DATE AND TIME OF LATEST TRANSACTION
control field 2009060204474.0
008 - FIXED-LENGTH DATA ELEMENTS--GENERAL INFORMATION
fixed length control field 080820t xxu||||| |||| 00| 0 eng d
010 ## - LCCN (DPL NO)
LC control number ENG-93833
020 ## - INTERNATIONAL STANDARD BOOK NUMBER
International Standard Book Number 9780198060239
Terms of availability 695.00
020 ## - INTERNATIONAL STANDARD BOOK NUMBER
International Standard Book Number 0198060238
Terms of availability 695.00
035 ## - SYSTEM CONTROL NUMBER
System control number EN-77366
035 ## - SYSTEM CONTROL NUMBER
System control number B-360785-790
037 ## - SOURCE OF ACQUISITION
Source of stock number/acquisition DBAD / PUB
037 ## - SOURCE OF ACQUISITION
Source of stock number/acquisition Uppal Book Store
040 ## - CATALOGING SOURCE
Original cataloging agency dpl
Language of cataloging English
082 ## - DEWEY DECIMAL CLASSIFICATION NUMBER
Classification number 891.462
100 ## - MAIN ENTRY--PERSONAL NAME
Personal name Alekar, Satish
245 ## - TITLE STATEMENT
Title Collected plays of Satish Alekar:
Statement of responsibility, etc with introductions by Samik Bandyopadhyay
Remainder of title The dread departure, Deluge, The Terrorist, Dynasts, Begum Barve, Mickey and the memsahib /
260 ## - PUBLICATION, DISTRIBUTION, ETC. (IMPRINT)
Place of publication, distribution, etc New Delhi
Name of publisher, distributor, etc Oxford University
Date of publication, distribution, etc 2009
270 ## - ADDRESS
Address YMCA Library Building, Jai Singh Road,
City New Delhi
Postal code 110001
300 ## - PHYSICAL DESCRIPTION
Extent 422p., [16]p. of plates :
Dimensions 24cm(Hb)
Other physical details ill
600 ## - SUBJECT ADDED ENTRY--PERSONAL NAME
Personal name Alekar, Satish, 1949-
Form subdivision Translation into English
650 ## - SUBJECT ADDED ENTRY--TOPICAL TERM
Topical term or geographic name as entry element Marathi plays
Form subdivision Translation into English
700 ## - ADDED ENTRY--PERSONAL NAME
Personal name Bandyopadhyay, Samik
942 ## - ADDED ENTRY ELEMENTS (KOHA)
Institution code [OBSOLETE] dpl
Item type English Books
Source of classification or shelving scheme Dewey Decimal Classification
Call number suffix ALE
Classification part 891.462
Holdings
Withdrawn status Lost status Source of classification or shelving scheme Damaged status Not for loan Home library Current library Date acquired Source of acquisition Cost, normal purchase price Total Checkouts Full call number Barcode Date last seen Copy number Cost, replacement price Koha item type Collection code
    Dewey Decimal Classification     Central Library Central Library 25/03/2010 Uppal Book Store/9013/26.10.09/128/16.10.09/26.10.09 695.00   891.462 ALE B-360785 25/03/2010 1 695.00 English Books Non-fiction
    Dewey Decimal Classification   Not For Loan D.B.Act.Division D.B.Act.Division 02/06/2009 DBAD / PUB 695.00   891.462 ALE EN-77366 02/06/2009 1 695.00 English Books  
    Dewey Decimal Classification     Karol Bagh Karol Bagh 25/03/2010 Uppal Book Store/9013/26.10.09/128/16.10.09/26.10.09 695.00   891.462 ALE B-360789 25/03/2010 1 695.00 English Books Non-fiction
    Dewey Decimal Classification     Patel Nagar Patel Nagar 25/03/2010 Uppal Book Store/9013/26.10.09/128/16.10.09/26.10.09 695.00   891.462 ALE B-360786 25/03/2010 1 695.00 English Books Non-fiction
  Lost and Paid For Dewey Decimal Classification     Sarojini Nagar Sarojini Nagar 25/03/2010 Uppal Book Store/9013/26.10.09/128/16.10.09/26.10.09 695.00 1 891.462 ALE B-360787 27/09/2022 1 695.00 English Books Non-fiction
  Written-off vide DLB M. No. 383 dt 16.05.19 Dewey Decimal Classification     Shahdara Branch Shahdara Branch 25/03/2010 Uppal Book Store/9013/26.10.09/128/16.10.09/26.10.09 695.00   891.462 ALE B-360790 25/03/2010 1 695.00 English Books Non-fiction
    Dewey Decimal Classification     Vinoba Puri Vinoba Puri 25/03/2010 Uppal Book Store/9013/26.10.09/128/16.10.09/26.10.09 695.00 1 891.462 ALE B-360788 16/01/2014 1 695.00 English Books Non-fiction

© Delhi Public Library
Hit Counter
free hit counter